000 01722nam a2200325 i 4500
001 000048352
003 DO-SdBNP
005 20231017153600.0
006 a||||gr|||| 00| 0
007 ta
008 190211e2014 dr a r 000 spa d
040 _aDO-SdBNP
_bspa
_cBNPHU
_erda
082 4 _bR426n
_222
110 1 _aRepública Dominicana. Oficina Presidencial de Tecnología de la Información y Comunicaciones.
_937585
245 1 0 _aNortic A1 2014 :
_bnorma general sobre el uso e implementación de las tecnologías de la información y comunicación en el Estado dominicano. /
264 _aSanto Domingo :
_bDepartamento de Estabilización Normativas y Auditoría Técnica,
_c2014
300 _a207 páginas ;
_bIlustraciones, gráficas ;
_c24 cm.
336 _2rdacontent
_atexto
_btxt
337 _2rdamedia
_asin mediación
_bn
338 _2rdacarrier
_avolumen
_bnc
490 _aCategoría: A
490 _adocumento
_v1
500 _aIncluye bibliografía y notas al pié de páginas.
500 _aIncluye glosario de términos, páginas 157- 101.
500 _aIncluye abreviaturas y acrónimos.
504 _aBibliografía: páginas 189- 191
505 _aPrólogo.
_gMarco Legal.
_gIntroducción.
_gCapítulo I.
_tNormas sobre Publicaciones de Datos abiertos del Gobierno Dominicano.--
_gCapítulo II.
_tLevantamiento de la información.--
_gCapítulo III.
_tIdentificación de la información reutilizable.--
_gCapítulo IV.
_tEstructuración de la información reutilizable
_gCapítulo V.
_tPublicación de la información reutilizable.--
_tGlosario de términos.--
_tAbreviaturas y acrónimos.--
_tBibliografía.--
_tAnexos.--
_tEquipo de trabajo.
590 _aInventariado, 2023 / MF
942 _2ddc
_cLBS1
999 _c47840
_d47840